Statistics for Pokémon Moves that Raise Special Attack

Click here to take the quiz!

General Stats

  • This quiz has been taken 9 times
  • The average score is 18 of 27

Answer Stats

TypeGen IntroducedAssociated PokémonMove% Correct
Psychic3Calm Mind
88%
Dragon8Kommo-oClangorous Soul
88%
Dragon7Kommo-oClangorous Soulblaze
88%
Fairy8AlcremieDecorate
88%
Normal7EeveeExtreme Evoboost
88%
Fairy6XerneasGeomancy
88%
Dark4Nasty Plot
88%
Fighting8FalinksNo Retreat
88%
Bug3Volbeat/IlumiseTail Glow
88%
Fire9SkeledirgeTorch Song
88%
Normal4Acupressure
75%
Rock2Ancient Power
75%
Fire5VolcaronaFiery Dance
75%
Normal9VeluzaFillet Away
75%
Bug5VolcaronaQuiver Dance
75%
Bug2Silver Wind
75%
Electric4Charge Beam
63%
Ghost2Ominous Wind
63%
Normal1Growth
50%
Poison8Max Ooze
50%
Normal5Work Up
50%
Dark3Flatter
38%
Psychic8Lake TrioMystical Power
38%
Normal5Shell Smash
38%
Psychic8ManaphyTake Heart
38%
Rock8Meteor Beam
25%
Ground6Rototiller
13%

Score Distribution

Percentile by Number Answered

Percent of People with Each Score

Your Score History

You have not taken this quiz